| 000 | 00654nam a2200217Ia 4500 | ||
|---|---|---|---|
| 008 | 191130s2006##################000#0#eng## | ||
| 020 | _a9781405153904 | ||
| 040 |
_aACL _cACL |
||
| 082 | _a302.4051 HO | ||
| 100 | _aHo, Peter | ||
| 245 |
_aChina's limits to growth : greening state and society _cPeter ho et.al |
||
| 260 |
_aAustralia _bBlackwell _c2006 |
||
| 300 | _aix.,275p ;ill ;23cm | ||
| 500 | _aIncludes bibliographical references | ||
| 650 | _aChina | ||
| 650 | _aEconomic development--Environmental aspects(76) | ||
| 650 | _aEnvironmental policy | ||
| 990 | _aec879197ac10000c124dab8205082eb2 | ||
| 991 | _a249743 | ||
| 999 |
_c128518 _d128518 |
||